000 01698nam a2200241Ia 4500
999 _c49947
_d49947
001 16883
003 GE_BSU
005 20200203113503.0
008 181216s2015 xx |||||||||||||| ||geo||
020 _a9789941462139
040 _cGE_BSU
041 _ageo
080 _a94(479.22)(063) ე-81
245 _aეროვნულ-განმათავისუფლებელი მოძრაობა XIX საუკუნის სამხრეთ-დასავლეთ საქართველოში :
_bსელიმ ხიმშიაშვილის გმირული თავგანწირვიდან 200 წლისთავისადმი მიძღვნილი საერთაშორისო სამეცნიერო კონფერენციის მასალები /
_cმთავარი რედ . ბიჭიკო დიასამიძე ; რედ. ოლეგ ჯიბაშვილი.
264 _aბათუმი :
_bშოთა რუსთაველის უნი-ტის გამ-ბა,
_c2015.
300 _a160 გვ ;
_bილ,
_c19 სმ.
541 _h4ლ.75თ.
653 _aეროვნულ-განმათავისუფლებელი მოძრაობა XIX საუკუნის სამხრეთ-დასავლეთ საქართველოში
653 _aისტორია
700 _aდიასამიძე, ბიჭიკო
_eმთავარი რედაქტორი
_96680
700 _aჯიბაშვილი, ოლეგ
_eრედაქტორი
_937
942 _cBK
_2udc